Quizzes
Events
Quiz Creation
Community
Videos
Private Events
Remove Ads
Sign In
Join for FREE
Feedback
Dark Mode
Quiz Categories
Sports
Geography
Music
Movies
Television
Just For Fun
Miscellaneous
History
Literature
Language
Science
Gaming
Entertainment
Religion
Holiday
For Kids
Quiz Lab
Recent
Popular Today
Quiz Kudos Today
Editor Picks
Curator Picks
Quizzes by...
Day
Popularity
Type
Ratings
Length
Year
Community
Subscriptions
Recent Discussions
Orange Saloon
Badges
Playlists
Quests
Create
Leaderboards
Showdown
Live 5
Trivia Bingo
Activity
Puzzle Library
Sporcle Events
Private Events
Virtual Trivia
Globe League
Become a Host
Pub Owners
SporcleCon
Opinionation
Our Games
Videos
Blog
Mobile Apps
Partnerships
Remove Ads and Go Orange
Feedback
Just For Fun
Clickable
Get the Picture
Humor
Quick Pick
Word Ladder
Missing Word
Mixed Word
Blitz
Minefield
This or That
Alphabet
Color
Typing
Sporcle
Puzzle
Word Play
Follow That Line
Logic
Just For Fun
Clickable
Get the Picture
Humor
Quick Pick
Word Ladder
Missing Word
Mixed Word
Blitz
Minefield
This or That
Alphabet
Color
Typing
Sporcle
Puzzle
Word Play
Follow That Line
Logic
Random Quiz
Search Sporcle
×
Quiz Lab
Quiz Lab
Just For Fun
Iowa
Type in answers that appear in a list
Type in answers that appear in a list
Classic
Best Score? Go Orange.
Bars in Ames Stats
Can you name the Bars in Ames, Iowa?
By
DfektivChnEzDWal
8m
30 Questions
102 Plays
102 Plays
102 Plays
Comments
Comments
Give Quiz Kudos
Give Quiz Kudos
-
- Ratings
hide this ad
Replay
Link that replays current quiz
Next Quiz
Link to next quiz in quiz playlist
You Got
0%
They Got
Avg Score
39%
Avg Friend Score
Upgrade to see
Score Distribution
Jump to the score distribution portion of the page
Score
0/30
Timer
08:00
0
Plays Today
Location
Bar Name
% Correct
Welch Ave.
Paddy's
73.5%
Welch Ave.
Welch Ave. Station
70.6%
Welch Ave.
Cy's Roost
68.6%
Welch Ave.
Mickey's
68.6%
Welch Ave.
Sips
63.7%
Downtown/
Main St.
Sportsman Lounge
60.8%
Stanton Ave.
Es Tas
56.9%
Chamberlain St.
Outlaws
54.9%
Downtown/
Main St.
Olde Main Brewing Company
51%
West St.
Thumbs
51%
West St.
Mother's Pub
49%
Chamberlain St.
Club Element
47.1%
Mortensen Rd.
West Towne Pub
47.1%
Lincoln Way
Cafe Beaudelaire
42.2%
Lincoln Way
Capone's
42.2%
Location
Bar Name
% Correct
Chamberlain St.
Chasers
41.2%
Lincoln Way
Headliner's
41.2%
Welch Ave.
Sgt. Pepper's
36.3%
East Lincoln Way
Tip Top Lounge
35.3%
Downtown/
Main St
The London Underground
34.3%
Downtown/
Main St.
Corner Pocket
26.5%
South 5th St.
Fox
26.5%
Welch Ave.
Dangerous Curves
25.5%
Lincoln Way
Project 20 20
20.6%
South 16th St.
Dublin Bay
17.6%
Stange Rd.
Brewer's
11.8%
Downtown/
Main St.
DG's Taphouse
9.8%
Lincoln Way
Chicha Shack
8.8%
Downtown/
Main St.
Deano's 119
6.9%
Downtown/
Main St.
Tradewinds
1%
Quiz Playlist
Details
Report
Send in Message
Add To Playlist
Classic:
Type in answers that appear in a list
Last Updated: Feb 16, 2017
Quiz Scoreboard
CHALLENGE
Sign Up to Join the Scoreboard
Show All
Scores
Hide
Comments
May contain spoilers
Recently Published
An Introduction to Baseball
by treessimontrees
Sports
5m
Movies - When Are They Set?
by FPL_Elf
Movies
5m
Popular People in 1961
by mucciniale
History
6m
More to Explore
Quiz From the Vault
Featured Blog Post
Where Did the Easter Bunny Come From?
hide this ad
You Might Also Like...
Tags
bar
Iowa
location
Today's Top Quizzes in Just For Fun
Browse Just For Fun
hide this ad
Today's Top Quizzes in Iowa
Browse Iowa
Top Contributed Quizzes in Just For Fun
1
Crossword Whiteout! 49
2
Harry Potter Logic - 'In Chains' II
3
Survivor Winners Logic Puzzle
4
Zeroing In: Just For Fun
5
Thermometer Puzzle 25
6
Word Ladder: Ahoy Matey
7
1-30 Clickable Mines
8
Aquarium Logic Puzzle 17
9
Big Thermometer Puzzle 21
10
Edinburgh Fringe jokes 2015
Explore More
Trending Topics
Disney
Crossword
Marvel
Harry Potter
Anime
NBA
Kpop
Pokémon
NFL
Country
Song
The Office
WWE
Puzzle
Soccer
hide this ad
More By:
DfektivChnEzDWal
Quiz
Plays
Rating
Category
Featured
Created
Word Ladder: Meat-y Fun
17,395
3.48
Just For Fun
Jul 30, 2010
Street Sign Colors
389
3.50
Just For Fun
Jul 27, 2010
VEGAS ODDS TO WIN 2011 SUPER BOWL
356
4.25
Sports
Jul 30, 2010
Figure Out The Lyrics (Vertical Horizon)
184
4.17
Music
Jul 28, 2010
Bars in Ames
102
5.00
Just For Fun
Jul 28, 2010
Go to Creator's Profile
Score Distribution
Quiz Creator Spotlight
DfektivChnEzDWal
Follow
Send a Message
Quizzes Created
-
Created Quiz Play Count
-
More By This Creator
Popular Quizzes Today
1
Find the Countries of Europe - No Outlines Minefield
2
Find the US States - No Outlines Minefield
3
The Countries of the World
4
Popular People in 1961
5
US States
6
1-10 Letter E Words III
7
Find the US States
8
One Thing in Common: World Cities II
More Just For Fun Quizzes
Word Ladder: Irish Icon Abbreviated
Published
Trending Quizzes
Risky Map Clicking: Least Populous States A-Z
1-10 Letter F Words
1-10 Letter G Words
One Thing in Common: United Kingdom
Risky Map Clicking: Next State Alphabetically
Recently Updated
Leaping Animals
pecheneg
Reality TV Shows (A-Z)
bhenderson79
Rickey Henderson's Hall of Fame Teammates
pecheneg
Champions League XIs: Arsenal
pecheneg
Quick Pick: Celebrities in WWE's Hall of Fame
aduchscher
A-Z Keypad Blitz II
pecheneg
Multiple Oscar Actors
pecheneg
Mystery Phrase Blitz: Oscar 'Best Actors'
pecheneg
F. Scott Fitzgerald Novels
LTH
Pick 3 Villains
ddd62291
Trending Topics
NBA
Marvel
Crossword
Disney
Anime
Harry Potter
Kpop
Soccer
Country
Pokémon
Puzzle
Song
WWE
NFL
The Office
Your Account Isn't Verified!
In order to create a playlist on Sporcle, you need to verify the email address you used during registration. Go to your
Sporcle Settings
to finish the process.
Report this User
Report this user for behavior that violates our
Community Guidelines
.
Details:
Send Report
Go to the Sporcle.com Mobile Site →
Comments